000
00306nam a22001457a 4500
008
210310b ||||| |||| 00| 0 eng d
020
_a
0942456106
041
_a
eng
080
_2
6th
_a
37
082
_a
37
100
_a
46
101
_a
EDU
245
_a
Becoming a Master
_c
Ellis,B.D
942
_2
udc
_c
BK
999
_c
56196
_d
56196